Play school / (Record no. 113594)
[ view plain ]
| 000 -LEADER | |
|---|---|
| fixed length control field | 00409nam a2200169 a 4500 |
| 001 - CONTROL NUMBER | |
| control field | 0545 |
| 005 - DATE AND TIME OF LATEST TRANSACTION | |
| control field | 20140414132029.0 |
| 008 - FIXED-LENGTH DATA ELEMENTS--GENERAL INFORMATION | |
| fixed length control field | 040201s19uu xx 00 eng d |
| 020 ## - INTERNATIONAL STANDARD BOOK NUMBER | |
| International Standard Book Number | 0-7445-0040-0 |
| 050 ## - LIBRARY OF CONGRESS CALL NUMBER | |
| Classification number | TR |
| Item number | P69 1983 |
| 100 ## - MAIN ENTRY--PERSONAL NAME | |
| Personal name | Oxenbury, Helen |
| 245 ## - TITLE STATEMENT | |
| Title | Play school / |
| Statement of responsibility, etc | Helen Oxenbury. |
| 260 ## - PUBLICATION, DISTRIBUTION, ETC. (IMPRINT) | |
| Place of publication, distribution, etc | Italy : |
| Name of publisher, distributor, etc | Walker Books, |
| Date of publication, distribution, etc | 1983. |
| 300 ## - PHYSICAL DESCRIPTION | |
| Extent | p. ; cm. |
| 500 ## - GENERAL NOTE | |
| General note | TR/PS |
| Withdrawn status | Lost status | Damaged status | Use restrictions | Home library | Current library | Shelving location | Date acquired | Source of acquisition | Total Checkouts | Full call number | Barcode | Date last seen | Price effective from | Koha item type |
|---|---|---|---|---|---|---|---|---|---|---|---|---|---|---|
| Munich Library | Munich Library | Teachers Reference Section | 02/01/2004 | TR P69 1983 | M5187 | 04/14/2014 | 04/14/2014 | Books |